Classical Management Biases and Behavioral Approach Comprehension

Niekoľko slabých miest neoklasickej teórie, ťažko zlučiteľnej so skutočnou praxou riadenia a správaním manažérov. Kritické hodnotenie teoretických východísk manažérskych vied a skúmanie manažéra v behaviorálnych a heuristických teóriách. Interpretácia manažérskeho rozhodovania ako produktu osobných...

Descrizione completa

Salvato in:
Dettagli Bibliografici
Autore principale: Mandysová, Ivana
Natura: Capitolo di libro
Lingua:inglese
Soggetti:
Tags: Aggiungi Tag
Nessun Tag, puoi essere il primo ad aggiungerne!!

MARC

LEADER 00000naa a2200000 4500
001 0264054
005 20200610110415.1
041 0 |a eng 
044 |a CZ 
245 1 0 |a Classical Management Biases and Behavioral Approach Comprehension  |c Ivana Mandysová 
520 |a Niekoľko slabých miest neoklasickej teórie, ťažko zlučiteľnej so skutočnou praxou riadenia a správaním manažérov. Kritické hodnotenie teoretických východísk manažérskych vied a skúmanie manažéra v behaviorálnych a heuristických teóriách. Interpretácia manažérskeho rozhodovania ako produktu osobných preferencií a charakteristík, obmedzenej racionality, nedostatku informácií, mentálnej skratky a imitácie. Praktické správanie manažérov a presmerovanie na rozpoznávanie manažérskeho správania. 
610 2 0 |a manažment 
610 2 0 |a manažment personálny 
610 2 0 |a rozhodovanie manažérske 
610 2 0 |a behaviorizmus 
610 2 0 |a potenciál ľudský 
100 1 |a Mandysová, Ivana